| 000 | 01739njm a2200361Ia 4500 | ||
|---|---|---|---|
| 001 | 24073 | ||
| 003 | IT-RoPAU | ||
| 005 | 20220918181128.0 | ||
| 008 | 131025s9999 xx 000 0 und d | ||
| 040 | _aIT-RoPAU | ||
| 040 | _cIT-RoPAU | ||
| 041 | _aITALIANO | ||
| 999 |
_c100334 _d100334 |
||
| 999 | _bn.d. | ||
| 100 |
_aCasadei Secondo _98559 |
||
| 100 |
_eAutore musica _98560 |
||
| 100 |
_gCodice autore musica SPICS: 7935 _98561 |
||
| 245 | _aRicordando Casadei | ||
| 250 | _a1a ed. | ||
| 260 | _aVARESE | ||
| 260 |
_bEMI ITALIANA _c1971 [1a Ed.:1971] |
||
| 300 | _aDISCO | ||
| 300 | _c42 minuti (Testo: pag.) | ||
| 500 | _aCanzone popolare italiana. Musica folk. Emilia Romagna | ||
| 505 | _aRomagna mia - Carnevale romagnolo - Balè burdeli - Bella figlia romagnola - Un bes in bicicleta - Sangue romagnolo - Beli fioli - In bocca al lupo - Mamma mia mamma (4:00) - A sem di rumagnul (3:00) - Nadel in Rumagna (4:00) - Non prender moglie (3:00) - Romagna a primavera (4:00) - Burdela campagnola (3:00) | ||
| 650 |
_aPOPOLARE [DISCHI] _eCodice MATERIA SPICS: 9950 _98562 |
||
| 700 |
_aCasadei Secondo _dCodice autore musica e interprete SPICS: 7935 _eAutore musica e interprete _98563 |
||
| 700 |
_aFagiolini _dCodice autore SPICS: 26696 _eAutore _pMamma mia mamma _98564 |
||
| 700 |
_aTovani _dCodice autore testo/musica SPICS: 26722 _eAutore testo/musica _pMamma mia mamma _98565 |
||
| 700 |
_aLucchi Primo _dCodice autore musica SPICS: 26650 _eAutore musica _pA sem di rumagnul - Romagna a primavera _98566 |
||
| 700 |
_aCasadei Raoul _dCodice autore musica SPICS: 7936 _eAutore musica _pNadel in rumagna - Burdela campagnola _98567 |
||
| 700 |
_aBuda _dCodice autore musica SPICS: 26651 _eAutore musica _pNon prender moglie _98568 |
||
| 942 |
_cMD _2ddc |
||